| 000 | 00482nam a22001817a 4500 | ||
|---|---|---|---|
| 999 |
_c20392 _d20392 |
||
| 003 | BDDh-ASL | ||
| 005 | 20231015025901.0 | ||
| 008 | 201231s1977 ii ||||| |||| 00| 0 eng d | ||
| 040 | _cBDDh-ASL | ||
| 082 |
_a297.092 _bNAM |
||
| 100 | 1 |
_92575 _aNadwi, S. Abul Hasan Ali |
|
| 245 | 1 | 4 | _aThe Musalman / |
| 260 |
_aIndia: _bIslamic Research & Publications, _c1977. |
||
| 300 |
_a119 p.: _c21 cm. |
||
| 650 | 0 |
_91652 _aIslam |
|
| 700 | 1 |
_92576 _aAhmad, Mohiuddin |
|
| 942 |
_2ddc _cBK |
||